000
00299nam a22001217a 4500
008
160503b xxu||||| |||| 00| 0 eng d
020
_a
9780781748780
020
_a
078174878
041
_a
eng
080
_a
61
245
_a
Primary care medicie:
_c
Allan H. Goroll; Albert G. Mulley;
942
_2
udc
_c
BK
999
_c
1746
_d
1746